[Event "5th IT Lukavac 2016"]
[Site "Lukavac"]
[Date "2016.11.24"]
[Round "1.1"]
[White "Selimovic, Amir"]
[Black "Buljubasic, Sabahudin"]
[Result "0-1"]
[WhiteElo "1937"]
[BlackElo "2361"]
[PlyCount "70"]
[EventDate "2016.11.24"]

1. d4 Nf6 2. c4 g6 3. Nc3 d5 4. cxd5 Nxd5 5. Nf3 Bg7 6. g3 Nb6 7. Bg2 Nc6 8. e3
O-O 9. O-O Re8 10. b3 a5 11. Bb2 a4 12. Nxa4 Nxa4 13. bxa4 Bd7 14. Bc3 Ra6 15.
Ne5 Nxe5 16. dxe5 c6 17. a5 Qc7 18. Qb3 Be6 19. Qb2 Rb8 20. Rfc1 Rd8 21. Rab1
Rb8 22. Bf1 Raa8 23. a3 Bf5 24. Ra1 b6 25. e6 f6 26. axb6 Rxb6 27. Qa2 c5 28.
Bd4 Ra5 29. Qd2 Rd6 30. Qc3 h5 31. Bg2 Bxe6 32. Bxc5 Rxc5 33. Qxc5 Rd1+ 34. Bf1
Qxc5 35. Rxc5 Rxa1 0-1

[Event "5th IT Lukavac 2016"]
[Site "Lukavac"]
[Date "2016.11.24"]
[Round "1.2"]
[White "Trkulja, Goran"]
[Black "Zenelaj, Fisnik"]
[Result "1/2-1/2"]
[WhiteElo "2301"]
[BlackElo "1934"]
[PlyCount "98"]
[EventDate "2016.11.24"]

1. Nf3 Nf6 2. c4 d5 3. e3 e6 4. Qc2 Be7 5. g4 Nc6 6. g5 Ne4 7. cxd5 exd5 8. Bb5
Bd7 9. Bxc6 bxc6 10. h4 O-O 11. Ne5 Qe8 12. Nxd7 Qxd7 13. d3 Nd6 14. Nc3 Rae8
15. Ne2 f6 16. gxf6 Bxf6 17. Bd2 Qf5 18. O-O-O Rb8 19. b3 c5 20. Qxc5 Qxd3 21.
Nf4 Qa6 22. Qxd5+ Kh8 23. a4 Rbd8 24. h5 Nf7 25. Qc4 Qxc4+ 26. bxc4 Rfe8 27.
Nd5 Re4 28. Nxf6 Rxc4+ 29. Kb2 Rb8+ 30. Ka3 gxf6 31. Rc1 Nd6 32. Bc3 Kg7 33.
Rhd1 Kf7 34. Bd4 Rb7 35. Bc5 Rxc1 36. Rxc1 Ke6 37. Bxd6 Kxd6 38. Rd1+ Ke6 39.
h6 c5 40. Rg1 f5 41. Rd1 c4 42. Rd4 Rb3+ 43. Ka2 Rb4 44. a5 Ra4+ 45. Kb2 Rxa5
46. Rxc4 Rb5+ 47. Kc3 Kd6 48. Rd4+ Ke6 49. Rc4 Kd6 1/2-1/2

[Event "5th IT Lukavac 2016"]
[Site "Lukavac"]
[Date "2016.11.24"]
[Round "1.3"]
[White "Cabric, Izet"]
[Black "Vajic, Goran"]
[Result "1/2-1/2"]
[WhiteElo "1933"]
[BlackElo "2295"]
[PlyCount "47"]
[EventDate "2016.11.24"]

1. e4 e5 2. Nf3 Nc6 3. Bb5 a6 4. Ba4 Nf6 5. O-O b5 6. Bb3 Be7 7. Re1 d6 8. c3
O-O 9. d4 Bg4 10. d5 Na5 11. Bc2 c5 12. b3 Nb7 13. Nbd2 a5 14. Nf1 Qc7 15. h3
Bd7 16. Ne3 c4 17. bxc4 bxc4 18. Ba3 Rfe8 19. Rb1 Rab8 20. Nd2 Nc5 21. Nexc4
Rxb1 22. Qxb1 Rb8 23. Qd1 Bb5 24. Qf3 1/2-1/2

[Event "5th IT Lukavac 2016"]
[Site "Lukavac"]
[Date "2016.11.24"]
[Round "1.4"]
[White "Trumic, Enes"]
[Black "Muhibic, Cazim"]
[Result "0-1"]
[WhiteElo "2278"]
[BlackElo "1931"]
[PlyCount "54"]
[EventDate "2016.11.24"]

1. d4 Nf6 2. c4 d5 3. cxd5 g6 4. Nc3 Nxd5 5. e4 Nxc3 6. bxc3 c5 7. Bc4 Bg7 8.
Ne2 O-O 9. O-O Nc6 10. Be3 cxd4 11. cxd4 Na5 12. Bd3 b6 13. Rc1 Bb7 14. Qd2 Rc8
15. Bh6 Qd7 16. Bxg7 Kxg7 17. Qg5 f6 18. Qg3 Rxc1 19. Rxc1 Rc8 20. Rf1 Qe6 21.
d5 Qd6 22. Nf4 Qa3 23. e5 Rc3 24. Nxg6 Rxd3 25. Qf4 hxg6 26. d6 Qc5 27. Re1
fxe5 0-1

[Event "5th IT Lukavac 2016"]
[Site "Lukavac"]
[Date "2016.11.24"]
[Round "1.5"]
[White "Selimovic, Mahir"]
[Black "Obad, Andrija"]
[Result "1-0"]
[WhiteElo "1930"]
[BlackElo "2260"]
[PlyCount "95"]
[EventDate "2016.11.24"]

1. e4 c5 2. Nc3 Nc6 3. Nf3 Nf6 4. Bc4 e6 5. d3 d5 6. exd5 exd5 7. Qe2+ Be7 8.
Bb5 O-O 9. Bxc6 bxc6 10. h3 Bd6 11. O-O Re8 12. Qd1 h6 13. Bd2 Be6 14. Re1 Nd7
15. Qc1 Qf6 16. Nh2 Bxh2+ 17. Kxh2 Qxf2 18. Re3 Qh4 19. Rg3 Nf6 20. Be1 Qh5 21.
Qf4 Nd7 22. Bd2 Kh7 23. Rf1 Rab8 24. Nd1 d4 25. c3 Rbd8 26. cxd4 cxd4 27. Qxd4
Ne5 28. Qc3 Ng6 29. Re1 Bxa2 30. Rxe8 Rxe8 31. Ne3 Bd5 32. Nc4 Ne5 33. Ne3 Ng6
34. Ng4 Ne5 35. Ne3 Be6 36. d4 Ng6 37. Qxc6 Rd8 38. Bc3 Rc8 39. Qd6 Bb3 40. Qd7
Be6 41. Qd6 Rg8 42. d5 Bc8 43. Qc7 Bf5 44. Qxf7 Be4 45. d6 Qc5 46. d7 Qd6 47.
Ng4 Bd5 48. Nf6+ 1-0

[Event "5th IT Lukavac 2016"]
[Site "Lukavac"]
[Date "2016.11.24"]
[Round "1.6"]
[White "Mrndjic, Muamer"]
[Black "Habibovic, Hazim"]
[Result "1-0"]
[WhiteElo "2257"]
[BlackElo "1915"]
[PlyCount "61"]
[EventDate "2016.11.24"]

1. d4 d6 2. e4 g6 3. Nf3 Bg7 4. Nc3 Nf6 5. Be2 O-O 6. O-O Nc6 7. Bg5 Bg4 8. d5
Bxf3 9. Bxf3 Ne5 10. Be2 h6 11. Be3 g5 12. g3 Qc8 13. Kg2 g4 14. Rh1 c6 15. h3
cxd5 16. exd5 Nc4 17. Bc1 h5 18. hxg4 hxg4 19. Rh4 Ne5 20. Bh6 Ng6 21. Rh2 Bxh6
22. Rxh6 Kg7 23. Qd2 Qf5 24. Rah1 Rh8 25. Kg1 Qe5 26. Bd3 Nh5 27. R1xh5 Qxh5
28. Rxh5 Rxh5 29. Bxg6 Kxg6 30. Qe2 f5 31. Qe6+ 1-0

[Event "5th IT Lukavac 2016"]
[Site "Lukavac"]
[Date "2016.11.24"]
[Round "1.7"]
[White "Huremovic, Elmedin"]
[Black "Rosic, Slavko S"]
[Result "1/2-1/2"]
[WhiteElo "1899"]
[BlackElo "2255"]
[PlyCount "196"]
[EventDate "2016.11.24"]

1. e4 c5 2. Nf3 d6 3. d4 cxd4 4. Nxd4 Nf6 5. Nc3 Nc6 6. Bb5 Bd7 7. O-O e6 8.
Nxc6 bxc6 9. Bd3 Be7 10. b3 Qc7 11. f4 h5 12. Na4 a5 13. h3 Qa7+ 14. Rf2 h4 15.
Qf3 Nh5 16. Be3 Qb7 17. Nb6 Rd8 18. f5 Bf6 19. Nxd7 Qxd7 20. Rd1 exf5 21. exf5
Be5 22. Re2 Ng3 23. Ree1 Kf8 24. Bf2 Qc7 25. c4 Bc3 26. Bxg3 hxg3 27. Re2 Bd4+
28. Kf1 Be5 29. Be4 Rh4 30. Kg1 Rc8 31. Bc2 Qe7 32. Rde1 Qg5 33. Re4 Rxe4 34.
Qxe4 Re8 35. Kh1 Qd2 36. Re2 Qc3 37. Re3 Qa1+ 38. Bb1 Re7 39. Qd3 Qb2 40. Qc2
Qd4 41. Qd3 Qc5 42. Re2 Qa3 43. Qc2 Rb7 44. Qd2 f6 45. Re1 a4 46. Qa5 Rb8 47.
Be4 Qxa2 48. Qxa4 Qd2 49. Rb1 d5 50. cxd5 cxd5 51. Qd7 Qa2 52. Qxd5 Rc8 53. Rd1
Qa7 54. Bf3 Qc5 55. Qxc5+ Rxc5 56. Bd5 Bd4 57. Be6 Re5 58. Rf1 Bf2 59. Bd7 Ke7
60. Rd1 Bc5 61. Bc8 Bd4 62. Ba6 Bc3 63. Bc8 Bd2 64. Ba6 Rc5 65. Bc4 Bb4 66. Rd5
Rc7 67. Kg1 Ra7 68. Kf1 Ra2 69. Be2 Bd2 70. Bf3 Be3 71. Ke1 Rf2 72. Be4 Rf4 73.
Bd3 Rf2 74. Be4 Bb6 75. Kd1 Rf4 76. Bd3 Rh4 77. Bf1 Rf4 78. Bd3 Bc7 79. Rc5 Bd6
80. Rc8 Rf3 81. Bb5 Rxf5 82. Bc4 Rh5 83. Rg8 Rg5 84. h4 Rg4 85. h5 Be5 86. Ke2
Re4+ 87. Kf3 f5 88. Ra8 Rf4+ 89. Ke3 Rf2 90. Bd5 Kd6 91. Rd8+ Kc5 92. Bf3 Kb4
93. Rd5 Bb2 94. Rxf5 Bc1+ 95. Kd3 Rd2+ 96. Ke4 Rd7 97. Bg4 Rd2 98. Bf3 Rd7
1/2-1/2

[Event "5th IT Lukavac 2016"]
[Site "Lukavac"]
[Date "2016.11.24"]
[Round "1.8"]
[White "Sitnic, Adnan"]
[Black "Imamovic, Samir"]
[Result "1/2-1/2"]
[WhiteElo "2247"]
[BlackElo "1898"]
[PlyCount "108"]
[EventDate "2016.11.24"]

1. e4 e5 2. Bc4 c6 3. d4 d5 4. exd5 cxd5 5. Bb5+ Bd7 6. Bxd7+ Nxd7 7. dxe5 Nxe5
8. Qe2 Qe7 9. Qb5+ Nc6+ 10. Ne2 Qb4+ 11. Qxb4 Nxb4 12. Na3 Rc8 13. Bd2 Nf6 14.
f3 Be7 15. Nf4 O-O 16. c3 Nc6 17. Nc2 Bc5 18. O-O-O d4 19. Kb1 Rfd8 20. Nd3 Bb6
21. c4 Re8 22. Rhe1 Nd7 23. b4 Nce5 24. Nxe5 Nxe5 25. c5 d3 26. Ne3 Bc7 27. Nd5
Kf8 28. Bc3 Bb8 29. Bxe5 Bxe5 30. f4 Bf6 31. Rxe8+ Rxe8 32. Nxf6 gxf6 33. Rxd3
Re4 34. a3 Ke7 35. Rh3 Rxf4 36. g3 Rf2 37. Rxh7 Rg2 38. Rh8 Kd7 39. Rf8 Rxh2
40. Rxf7+ Kc6 41. Rxf6+ Kb5 42. Rf7 Kc4 43. Kc1 Kc3 44. Kd1 Kd3 45. Rd7+ Kc4
46. Rxb7 a5 47. c6 axb4 48. c7 Kd3 49. Ke1 Ke3 50. Kd1 Kd3 51. Kc1 Rc2+ 52. Kb1
bxa3 53. g4 a2+ 54. Ka1 Ke4 1/2-1/2

[Event "5th IT Lukavac 2016"]
[Site "Lukavac"]
[Date "2016.11.24"]
[Round "1.9"]
[White "Gavranovic, Tahir"]
[Black "Budimir, Boris"]
[Result "0-1"]
[WhiteElo "1875"]
[BlackElo "2245"]
[PlyCount "44"]
[EventDate "2016.11.24"]

1. e4 c5 2. c3 d6 3. d4 Nf6 4. dxc5 Nc6 5. f3 d5 6. exd5 Nxd5 7. Bb5 e6 8.
Bxc6+ bxc6 9. Qd4 a5 10. a3 Qe7 11. b4 e5 12. Qc4 Ba6 13. Qe4 g6 14. Ne2 f5 15.
Qc2 Bg7 16. Ra2 O-O 17. O-O Bc4 18. Rb2 e4 19. Re1 exf3 20. gxf3 Rfe8 21. Qd1
Rad8 22. Qc2 Qh4 0-1

[Event "5th IT Lukavac 2016"]
[Site "Lukavac"]
[Date "2016.11.24"]
[Round "1.10"]
[White "Salkic, Mahir"]
[Black "Janjic, Nikola"]
[Result "1-0"]
[WhiteElo "2151"]
[BlackElo "1873"]
[PlyCount "39"]
[EventDate "2016.11.24"]

1. d4 d5 2. Nf3 Nf6 3. c4 c6 4. Nc3 e6 5. Bg5 Be7 6. e3 dxc4 7. Bxc4 b5 8. Bd3
a6 9. O-O Bb7 10. Qc2 Nbd7 11. Rfd1 h6 12. Bh4 Qc7 13. e4 Rc8 14. e5 Nd5 15.
Bxe7 Kxe7 16. Nxd5+ cxd5 17. Qd2 Rhd8 18. Nh4 Nb6 19. Rac1 Qd7 20. Qb4+ 1-0

[Event "5th IT Lukavac 2016"]
[Site "Lukavac"]
[Date "2016.11.24"]
[Round "1.11"]
[White "Karlovic, Zvonimir"]
[Black "Aleksic, Neven"]
[Result "1/2-1/2"]
[WhiteElo "1873"]
[BlackElo "2131"]
[PlyCount "40"]
[EventDate "2016.11.24"]

1. Nf3 Nf6 2. g3 d5 3. Bg2 e6 4. c4 Be7 5. d4 O-O 6. O-O dxc4 7. Ne5 Nc6 8.
Bxc6 bxc6 9. Nxc4 c5 10. dxc5 Bxc5 11. Be3 Qe7 12. Qc2 Bb7 13. Nbd2 Rfd8 14.
Rfd1 Rd5 15. Nb3 Bxe3 16. Nxe3 Rxd1+ 17. Rxd1 Nd5 18. Nxd5 Bxd5 19. Na5 Rd8 20.
Nc6 Bxc6 1/2-1/2

[Event "5th IT Lukavac 2016"]
[Site "Lukavac"]
[Date "2016.11.24"]
[Round "1.12"]
[White "Sadikovic, Jasmin"]
[Black "Pozegic, Semso"]
[Result "1-0"]
[WhiteElo "2128"]
[BlackElo "1873"]
[PlyCount "49"]
[EventDate "2016.11.24"]

1. e4 e5 2. Bc4 Nf6 3. d3 Bc5 4. Nc3 Nc6 5. Bg5 Be7 6. Qd2 d6 7. Nge2 Be6 8.
Bb3 h6 9. Bxf6 Bxf6 10. f4 Bxb3 11. axb3 exf4 12. Qxf4 Bg5 13. Qf2 Qf6 14. Nd5
Qxb2 15. O-O O-O 16. Ng3 Rac8 17. Nf5 Qe5 18. h4 Bd8 19. Rae1 Ne7 20. d4 Qe6
21. Nf4 Qd7 22. Nxg7 Kxg7 23. Nh5+ Kg6 24. Nf6 Qe6 25. Qg3+ 1-0

[Event "5th IT Lukavac 2016"]
[Site "Lukavac"]
[Date "2016.11.24"]
[Round "1.13"]
[White "Softic, Kasim"]
[Black "Obuca, Bajro"]
[Result "0-1"]
[WhiteElo "1871"]
[BlackElo "2114"]
[PlyCount "94"]
[EventDate "2016.11.24"]

1. e4 e5 2. Nf3 Nc6 3. Bb5 a6 4. Ba4 Nf6 5. O-O b5 6. Bb3 Be7 7. Re1 d6 8. c3
Na5 9. Bc2 c5 10. d3 Qc7 11. Nbd2 O-O 12. h3 Re8 13. Nf1 g6 14. Bg5 Nh5 15. Qd2
Bxg5 16. Qxg5 Nf4 17. Qg3 Qe7 18. Ne3 Be6 19. Nf5 Qd8 20. Ne3 Qf6 21. Qg5 Nxh3+
22. gxh3 Qxf3 23. Ng4 Bxg4 24. hxg4 Qf4 25. Qh4 f6 26. Re3 Qg5 27. Qg3 Kg7 28.
Kg2 Rh8 29. Rh1 h5 30. gxh5 Rxh5 31. Qxg5 Rxg5+ 32. Rg3 Rxg3+ 33. fxg3 Rd8 34.
Rd1 d5 35. b3 dxe4 36. dxe4 Rxd1 37. Bxd1 Nc6 38. Bg4 b4 39. c4 Nd4 40. Bd1 f5
41. Kf2 Kf6 42. g4 f4 43. Kg2 Kg5 44. Kh3 a5 45. Kg2 Kh4 46. Kf2 Kh3 47. Kf1
Kg3 0-1

[Event "5th IT Lukavac 2016"]
[Site "Lukavac"]
[Date "2016.11.24"]
[Round "1.14"]
[White "Halilovic, Fahrudin"]
[Black "Basic, Enver"]
[Result "0-1"]
[WhiteElo "2092"]
[BlackElo "1869"]
[PlyCount "92"]
[EventDate "2016.11.24"]

1. e4 e5 2. Bc4 Nf6 3. d4 Qe7 4. Nf3 d6 5. O-O Be6 6. Bd3 Bg4 7. dxe5 dxe5 8.
h3 Bh5 9. Bg5 Nbd7 10. Nc3 c6 11. Qe2 h6 12. Be3 g5 13. g4 Bg6 14. Nd2 Nc5 15.
Nb3 Ne6 16. f3 h5 17. Rad1 hxg4 18. hxg4 Nf4 19. Bxf4 gxf4 20. Bc4 Rh3 21. Kg2
Rg3+ 22. Kf2 Nxg4+ 23. fxg4 Re3 24. Rh1 Rxe2+ 25. Bxe2 Qb4 26. a3 Qb6+ 27. Kf1
Rd8 28. Re1 a5 29. Rh3 Qa7 30. a4 Bc5 31. Bd3 Bf2 32. Re2 Bg3 33. Nd2 f6 34.
Nf3 Qc5 35. Nb1 Rxd3 36. cxd3 Qc1+ 37. Kg2 Qxb1 38. Rd2 Kf7 39. g5 Qa2 40. d4
Bxe4 41. dxe5 fxg5 42. Rd7+ Ke8 43. Rxb7 Bxf3+ 44. Kxf3 Qd5+ 45. Kg4 Qe6+ 46.
Kxg5 Qxh3 0-1

[Event "5th IT Lukavac 2016"]
[Site "Lukavac"]
[Date "2016.11.24"]
[Round "1.15"]
[White "Lapo, Safet"]
[Black "Coric, Ahmed"]
[Result "1/2-1/2"]
[WhiteElo "1799"]
[BlackElo "2081"]
[PlyCount "96"]
[EventDate "2016.11.24"]

1. d4 Nf6 2. Nf3 g6 3. Bf4 Bg7 4. c3 O-O 5. e3 d5 6. Nbd2 Nbd7 7. Be2 b6 8. O-O
Bb7 9. a4 a5 10. Ne5 Ne4 11. Nxd7 Qxd7 12. Nxe4 dxe4 13. b4 h6 14. Qb3 Rfc8 15.
Rfd1 e6 16. h3 Bf8 17. b5 Kg7 18. c4 f6 19. Rac1 Qf7 20. c5 Bd5 21. Bc4 g5 22.
Bh2 Qd7 23. Rc2 Bxc4 24. Rxc4 Qd5 25. Qc2 Qd7 26. cxb6 cxb6 27. Rc7 Rxc7 28.
Qxc7 Ra7 29. Qxb6 e5 30. Rc1 Ba3 31. Rc6 Rb7 32. Qa6 exd4 33. Qxb7 Qxb7 34.
Rc7+ Qxc7 35. Bxc7 d3 36. Bxa5 Bd6 37. Kf1 Kf7 38. g4 Ke6 39. Bc3 Be5 40. Bxe5
fxe5 41. Ke1 Kd5 42. a5 Kc5 43. b6 Kc6 44. Kd2 Kb7 45. Kc3 Ka6 46. Kd2 Kb7 47.
Kc3 Ka6 48. Kd2 Kb7 1/2-1/2

[Event "5th IT Lukavac 2016"]
[Site "Lukavac"]
[Date "2016.11.24"]
[Round "1.16"]
[White "Zupcevic, Nedim"]
[Black "Unkic, Mesud"]
[Result "1-0"]
[WhiteElo "2080"]
[BlackElo "1784"]
[PlyCount "117"]
[EventDate "2016.11.24"]

1. d4 c6 2. Nf3 d5 3. g3 Bf5 4. Bg2 e6 5. c4 Bd6 6. Nc3 Nf6 7. c5 Bc7 8. O-O
Nbd7 9. Nh4 Bg4 10. f4 Nh5 11. Nf3 f5 12. Ne5 Nhf6 13. Nxg4 Nxg4 14. e4 Ngf6
15. e5 Ng4 16. h3 Nh6 17. b4 O-O 18. Be3 g6 19. Rf2 Kg7 20. a4 Nf7 21. a5 a6
22. Kf1 h5 23. Ke2 Rh8 24. Kd3 Qe7 25. Qf3 Bxe5 26. Qe2 Bc7 27. Re1 Nf6 28. Bc1
Ne4 29. Bxe4 dxe4+ 30. Kc2 Rad8 31. Qc4 Qd7 32. Rd1 Nh6 33. Rg2 Kf7 34. Be3 Ke7
35. Bc1 Qe8 36. Be3 Qf7 37. Rdd2 Rd7 38. Nd1 Ng8 39. g4 hxg4 40. hxg4 Rh4 41.
gxf5 gxf5 42. Rh2 Rxf4 43. Rdg2 Rf3 44. Bg5+ Ke8 45. Rh8 Qg6 46. Bd2 Qxg2 47.
Qxe6+ Kf8 48. Qxd7 Bf4 49. Qd8+ Kf7 50. Rh7+ Qg7 51. Rxg7+ Kxg7 52. Bxf4 Kf7
53. Qc7+ Ke6 54. Qe5+ Kf7 55. Ne3 Ne7 56. Nxf5 Ng6 57. Nd6+ Kg8 58. Qg5 Kh7 59.
Qh6+ 1-0

[Event "5th IT Lukavac 2016"]
[Site "Lukavac"]
[Date "2016.11.24"]
[Round "1.17"]
[White "Mujcinovic, Muharem"]
[Black "Hadzipasic, Emir"]
[Result "0-1"]
[WhiteElo "1780"]
[BlackElo "2074"]
[PlyCount "144"]
[EventDate "2016.11.24"]

1. e4 e5 2. Nf3 Nc6 3. Bc4 Bc5 4. a3 a6 5. d3 d6 6. h3 Nf6 7. c3 h6 8. O-O O-O
9. Nh2 d5 10. exd5 Nxd5 11. Nf3 Be6 12. Re1 Bd6 13. b4 Qf6 14. Qb3 Nce7 15. d4
e4 16. Rxe4 b5 17. Bxd5 Bxd5 18. Qc2 Bxe4 19. Qxe4 Ng6 20. a4 Rfe8 21. Qc2 Qe6
22. Be3 Bf4 23. Bxf4 Nxf4 24. Nbd2 Qg6 25. Qxg6 Nxg6 26. g3 a5 27. axb5 axb4
28. Rc1 bxc3 29. Rxc3 Ra7 30. Rc5 f6 31. Nc4 Rb8 32. d5 Nf8 33. d6 cxd6 34.
Nxd6 Ne6 35. Rc6 Nd8 36. Rc5 Nb7 37. Rc8+ Rxc8 38. Nxc8 Ra8 39. Ne7+ Kf7 40.
Nc6 Nd6 41. Nfd4 Ra1+ 42. Kg2 Rb1 43. Na7 Ke7 44. g4 Kd7 45. f3 g6 46. h4 Rb4
47. Nac6 Rb2+ 48. Kg3 Nxb5 49. Nxb5 Kxc6 50. Nc3 Kd6 51. Nd1 Ra2 52. Ne3 Re2
53. Nd1 Ke5 54. Nf2 g5 55. hxg5 hxg5 56. Nd3+ Kd4 57. Nb4 Rb2 58. Nc6+ Ke3 59.
Ne7 Ke2 60. Kg2 Rb3 61. Nf5 Ra3 62. Ng3+ Ke3 63. Ne4 Kf4 64. Nxf6 Rxf3 65. Kh2
Rd3 66. Kg2 Rd6 67. Ne8 Rd2+ 68. Kf1 Kxg4 69. Nf6+ Kf3 70. Ke1 Re2+ 71. Kf1 Ra2
72. Kg1 g4 0-1

[Event "5th IT Lukavac 2016"]
[Site "Lukavac"]
[Date "2016.11.24"]
[Round "1.18"]
[White "Markovic, Dino"]
[Black "Peric, Pero"]
[Result "1-0"]
[WhiteElo "2065"]
[BlackElo "1761"]
[PlyCount "47"]
[EventDate "2016.11.24"]

1. d4 d5 2. c4 dxc4 3. Nc3 Nf6 4. e4 Nc6 5. d5 Ne5 6. f4 Bg4 7. Qa4+ Bd7 8. Qc2
Nd3+ 9. Bxd3 cxd3 10. Qxd3 c6 11. Nf3 cxd5 12. exd5 Bc6 13. O-O Nxd5 14. Ne5
Qb6+ 15. Kh1 e6 16. f5 Rd8 17. fxe6 fxe6 18. Qh3 Bd7 19. Qh5+ Ke7 20. Nxd5+
exd5 21. Bg5+ Ke6 22. Bxd8 Qxd8 23. Nf7 Qa5 24. Qe5# 1-0

[Event "5th IT Lukavac 2016"]
[Site "Lukavac"]
[Date "2016.11.24"]
[Round "1.19"]
[White "Mutapcic, Nijaz"]
[Black "Kasumovic, Muhidin"]
[Result "0-1"]
[WhiteElo "1710"]
[BlackElo "2044"]
[PlyCount "120"]
[EventDate "2016.11.24"]

1. f4 Nc6 2. c3 d5 3. Nf3 Bf5 4. d3 e6 5. Be3 Nf6 6. h3 h5 7. Nbd2 Nd7 8. g3
Nb6 9. Bf2 Bg6 10. e4 f6 11. Nh4 Bf7 12. f5 e5 13. Be2 d4 14. c4 Qd7 15. a3
O-O-O 16. b4 Kb8 17. c5 Nc8 18. Qc2 a6 19. Rb1 N6a7 20. a4 Be8 21. Ra1 Rh6 22.
g4 Ne7 23. Nc4 Bf7 24. O-O g6 25. Bf3 gxf5 26. Nxf5 Nxf5 27. gxf5 Rh8 28. Kh2
Bh6 29. Rg1 Rdg8 30. Rxg8+ Rxg8 31. Rg1 Qe8 32. Na5 Rxg1 33. Bxg1 Bf4+ 34. Kh1
h4 35. Bf2 Bg5 36. Bd1 Bh5 37. Nc4 Nc6 38. b5 axb5 39. axb5 Nb4 40. Qa4 Nxd3
41. Bg1 Nxc5 42. Qb4 Bxd1 43. Bh2 Nxe4 44. b6 c5 45. Qa5 Qa4 46. Bxe5+ fxe5 47.
Qxa4 Bxa4 48. Nxe5 Bf6 49. Ng4 d3 50. Kg2 d2 51. Kf3 Bd1+ 52. Kxe4 Bxg4 53.
hxg4 d1=Q 54. g5 Qd4+ 55. Kf3 Bxg5 56. f6 Qf4+ 57. Ke2 Qe3+ 58. Kf1 Bxf6 59.
Kg2 Bd4 60. Kh2 Qg3+ 0-1

[Event "5th IT Lukavac 2016"]
[Site "Lukavac"]
[Date "2016.11.24"]
[Round "1.20"]
[White "Nezirovic, Ozren"]
[Black "Zenelaj, Samuel"]
[Result "0-1"]
[WhiteElo "2039"]
[BlackElo "1707"]
[PlyCount "122"]
[EventDate "2016.11.24"]

1. e4 e5 2. Nf3 Nc6 3. Bc4 Bc5 4. O-O Nf6 5. d3 O-O 6. Bg5 Be7 7. h3 d6 8. c3
Na5 9. Bb5 a6 10. Ba4 b5 11. Bc2 c5 12. Nbd2 Nc6 13. Re1 Bb7 14. Nf1 Re8 15.
Ng3 g6 16. Nh2 Nb8 17. d4 Nbd7 18. Qd2 cxd4 19. cxd4 Qb6 20. Be3 Qd8 21. Bh6
Qb6 22. Nf3 exd4 23. Nxd4 Bf8 24. Rad1 d5 25. Bxf8 Nxf8 26. e5 Ne4 27. Bxe4
dxe4 28. Qh6 Rxe5 29. Ngf5 Qf6 30. Ng3 Rae8 31. Qe3 Qe7 32. Nb3 Nd7 33. Qa7 Nc5
34. f4 exf3 35. Rxe5 Qxe5 36. Qxc5 Qxg3 37. Qf2 Qxf2+ 38. Kxf2 fxg2 39. Nc5 Bc6
40. Nxa6 Re5 41. Nb4 Rf5+ 42. Kg1 Be4 43. Re1 Rf1+ 44. Rxf1 gxf1=Q+ 45. Kxf1 f5
46. Na6 Kf7 47. Kf2 Kf6 48. Nc5 Ke5 49. a4 bxa4 50. Nxa4 g5 51. Nc5 h5 52. Nd7+
Kf4 53. Nf6 Bf3 54. b4 h4 55. b5 g4 56. Nh5+ Kg5 57. hxg4 fxg4 58. Ng7 Bd5 59.
b6 g3+ 60. Ke3 h3 61. Ne6+ Kg4 0-1

[Event "5th IT Lukavac 2016"]
[Site "Lukavac"]
[Date "2016.11.24"]
[Round "1.21"]
[White "Pleh, Semir"]
[Black "Avdic, Adnan A"]
[Result "0-1"]
[WhiteElo "1702"]
[BlackElo "2030"]
[PlyCount "110"]
[EventDate "2016.11.24"]

1. d4 Nf6 2. c4 e6 3. Nc3 Bb4 4. Qc2 Nc6 5. Nf3 Qe7 6. e4 d6 7. Bd3 e5 8. d5
Bxc3+ 9. bxc3 Nb8 10. h3 O-O 11. Bg5 Nbd7 12. Qe2 h6 13. Bh4 Qe8 14. O-O Nh5
15. Bc2 Nc5 16. Nd2 Nf4 17. Qe3 f5 18. Bg3 Nxh3+ 19. gxh3 f4 20. Qf3 fxg3 21.
Qxg3 Qh5 22. Kh2 Qe2 23. Rad1 Bd7 24. Kg1 Rf4 25. Rfe1 Qh5 26. f3 Rh4 27. Nf1
Rxh3 28. Qg2 Rxf3 29. Rd2 Bh3 30. Qh2 Qg5+ 31. Rg2 Qxg2+ 32. Qxg2 Bxg2 33. Kxg2
Raf8 34. Bb1 Rf2+ 35. Kg1 Na4 36. Rc1 Nxc3 37. Bd3 Nxa2 38. Rb1 b6 39. c5 Nc3
40. Rb3 Nxe4 41. cxb6 axb6 42. Bb5 Rxf1+ 43. Bxf1 Rxf1+ 44. Kg2 Rf7 45. Ra3 Nf6
46. Kf3 Nxd5+ 47. Ke4 c6 48. Ra8+ Kh7 49. Rc8 Rf4+ 50. Kd3 e4+ 51. Ke2 e3 52.
Rxc6 Rf2+ 53. Ke1 Nf4 54. Rxd6 Ng2+ 55. Kd1 e2+ 0-1

[Event "5th IT Lukavac 2016"]
[Site "Lukavac"]
[Date "2016.11.24"]
[Round "1.22"]
[White "Kozarcanin, Sead"]
[Black "Kocanovic, Armin"]
[Result "1-0"]
[WhiteElo "2030"]
[BlackElo "1665"]
[PlyCount "51"]
[EventDate "2016.11.24"]

1. Nf3 Nf6 2. d3 e6 3. e4 d5 4. Nbd2 c5 5. g3 Nc6 6. Bg2 Be7 7. O-O O-O 8. Re1
Re8 9. e5 Nd7 10. Nf1 Qc7 11. Bf4 h6 12. h4 Nb6 13. Qd2 Bf8 14. N1h2 d4 15. Ng4
h5 16. Ngh2 Nd5 17. Ng5 Nxf4 18. gxf4 Ne7 19. Nf1 Nf5 20. Ng3 Nxh4 21. Nxh5
Nxg2 22. Kxg2 b5 23. Rg1 Bb7+ 24. Kh2 Qd8 25. Nf6+ Kh8 26. Nxf7# 1-0

[Event "5th IT Lukavac 2016"]
[Site "Lukavac"]
[Date "2016.11.24"]
[Round "1.23"]
[White "Brcaninovic, Enes"]
[Black "Osmanbegovic, Avdo"]
[Result "1/2-1/2"]
[WhiteElo "1650"]
[BlackElo "2027"]
[PlyCount "42"]
[EventDate "2016.11.24"]

1. e4 e6 2. d4 d5 3. exd5 exd5 4. Bd3 Nc6 5. Nf3 Bg4 6. Be3 Bd6 7. c3 Nge7 8.
Nbd2 Qd7 9. Qc2 h6 10. h3 Bf5 11. O-O-O Bxd3 12. Qxd3 O-O-O 13. Rhe1 Rhe8 14.
Nb3 Qf5 15. Qxf5+ Nxf5 16. Bd2 b6 17. Kc2 Kd7 18. Nc1 Bf8 19. Bf4 Nd6 20. Bxd6
Bxd6 21. Nd3 f6 1/2-1/2

[Event "5th IT Lukavac 2016"]
[Site "Lukavac"]
[Date "2016.11.24"]
[Round "1.24"]
[White "Pasalic, Adnan"]
[Black "Sabanagic, Mirza"]
[Result "1-0"]
[WhiteElo "2027"]
[BlackElo "1596"]
[PlyCount "79"]
[EventDate "2016.11.24"]

1. d4 Nf6 2. c4 e6 3. Nf3 d5 4. Nc3 Be7 5. Bg5 Nbd7 6. e3 O-O 7. Bd3 dxc4 8.
Bxc4 c5 9. O-O b6 10. Qe2 cxd4 11. Nxd4 Ne5 12. Bb3 h6 13. Bf4 Ng6 14. Bg3 Bc5
15. Rfd1 Qe7 16. Bc2 Nh8 17. Nb3 Bb7 18. Nxc5 Qxc5 19. Rd2 Rfd8 20. Rad1 Qe7
21. Bd6 Qe8 22. e4 Rac8 23. h4 Ng6 24. h5 Nf8 25. e5 Qc6 26. f4 Nd5 27. Nxd5
exd5 28. f5 Qc4 29. Bb3 Qxe2 30. Rxe2 Ba6 31. Red2 Bc4 32. Bxc4 dxc4 33. Bb4
Rxd2 34. Rxd2 a5 35. Bc3 a4 36. Kf2 Nh7 37. Rd7 Ng5 38. Ke3 Kf8 39. Rb7 Rd8 40.
Bd4 1-0

[Event "5th IT Lukavac 2016"]
[Site "Lukavac"]
[Date "2016.11.24"]
[Round "1.25"]
[White "Yurdakul, Didem Nuray"]
[Black "Hutinovic, Halim"]
[Result "1-0"]
[WhiteElo "1562"]
[BlackElo "2019"]
[PlyCount "105"]
[EventDate "2016.11.24"]

1. e4 c6 2. d4 d5 3. exd5 cxd5 4. c4 Nf6 5. Nc3 e6 6. Nf3 Be7 7. cxd5 Nxd5 8.
Bd3 O-O 9. O-O Nc6 10. a3 Bf6 11. Be4 a6 12. Re1 b5 13. Qd3 g6 14. Bh6 Re8 15.
Bxd5 exd5 16. Rxe8+ Qxe8 17. Nxd5 Qd8 18. Nxf6+ Qxf6 19. Bg5 Qd6 20. Qe3 Be6
21. Bf4 Qd5 22. Rc1 Rd8 23. Be5 Bg4 24. Bf6 Qd6 25. Bxd8 Nxd8 26. Qe8+ Kg7 27.
Qe5+ Qf6 28. Qxf6+ Kxf6 29. Ne5 Be6 30. Rc7 Kf5 31. f3 f6 32. Nd3 Bc4 33. Nc5
a5 34. Rxh7 Nf7 35. Ne4 Ke6 36. Kf2 f5 37. Rxf7 Kxf7 38. Nd6+ Ke6 39. Nxc4 bxc4
40. Ke3 Kd5 41. f4 Kd6 42. h3 Kd5 43. g4 a4 44. gxf5 gxf5 45. h4 c3 46. bxc3
Kc4 47. h5 Kb3 48. h6 Kxa3 49. h7 Kb2 50. h8=Q a3 51. Qh2+ Ka1 52. Qc2 a2 53.
Qc1# 1-0

[Event "5th IT Lukavac 2016"]
[Site "Lukavac"]
[Date "2016.11.24"]
[Round "1.26"]
[White "Nalic, Ahmet"]
[Black "Rakita, Jandrija"]
[Result "1/2-1/2"]
[WhiteElo "2019"]
[BlackElo "1544"]
[PlyCount "47"]
[EventDate "2016.11.24"]

1. e4 e5 2. Nf3 d6 3. d4 exd4 4. Nxd4 h6 5. Nc3 a6 6. Bc4 Nf6 7. h3 b5 8. Bd3
Bb7 9. Qf3 Nbd7 10. Nd5 g6 11. c3 Bg7 12. Nxf6+ Bxf6 13. Qe2 Bg7 14. O-O O-O
15. Bc2 Re8 16. f4 Bxe4 17. Bxe4 d5 18. Nc6 Qf6 19. Ne5 Nxe5 20. fxe5 Qxe5 21.
Qf2 dxe4 22. Qxf7+ Kh7 23. Be3 c5 24. Qb7 1/2-1/2

[Event "5th IT Lukavac 2016"]
[Site "Lukavac"]
[Date "2016.11.24"]
[Round "1.27"]
[White "Uysal, Ugur"]
[Black "Sinanovic, Ermin"]
[Result "1-0"]
[WhiteElo "1532"]
[BlackElo "2016"]
[PlyCount "43"]
[EventDate "2016.11.24"]

1. Nf3 Nf6 2. d4 c5 3. c4 cxd4 4. Nxd4 g6 5. g3 Nc6 6. Bg2 Nxd4 7. Qxd4 Bg7 8.
O-O O-O 9. Nc3 d6 10. Qd2 a6 11. b3 Rb8 12. Bb2 b5 13. cxb5 axb5 14. Rac1 Bb7
15. e4 Qb6 16. Nd5 Nxd5 17. Bxg7 Kxg7 18. exd5 Rfc8 19. Rfe1 Rxc1 20. Rxc1 Rc8
21. Rxc8 Bxc8 22. Qc3+ 1-0